02125nam a22002897a 4500003001000000005001700010007000300027008004100030015001200071020002200083040003400105041001300139044001300152080002000165100003500185245008300220250001100303260003800314300003800352500008200390520121000472650003701682655002901719655002701748700002301775700003701798AR-RoUNCS20260306121633.0ta140414s2013 ag a dr 000 f spa  aAR-2013 a978-987-04-2840-4 aAR-BaBNbspacAR-RoUNCSeaacr1 aspaheng aagcar-c1 a82-31(73)220161 aHandler, Daniel,d1970-eautor10aY por eso rompimos /cescrito por Daniel Handler ; ilustrado por Maira Kalman. a1a ed. aBuenos Aires :bAlfaguara,c2013. a348, [6] p. :bil. col. ;c23 cm. aTítulo original: Why We Broke Up / traducción, Montserrat Nieto Sánchez3 aY por eso rompimos es la historia de una ruptura; una historia de amor con sabor agridulce que nos lleva a los lugares más intensos y románticos de la relación entre Min y Ed, pero también a los instantes de incomprensión que han acabado con su historia de amor. Min está de camino a casa de Ed, lleva una caja en sus brazos; una caja repleta de todos esos buenos y malos momentos que han marcado su relación. Una relación tan real como la vida misma. La historia de Min y Ed podría ser la tuya… Te entrego esta caja, Ed. Dentro está todo. La entrada de cine para ver la película en la que nos dimos nuestro primer beso, aquella nota tuya que tanto significó para mí, el peine del hotel donde perdimos el sentido… y algo más, el plano que dibujamos para intentar asistir a mi fiesta y a la tuya, tan incompatibles como nosotros, la goma con la que me recogí el pelo la primera vez que cocinamos juntos, todos estos pétalos, ya secos, el bolígrafo con el que escribo esta carta y el resto de cosas. Te devuelvo la caja y todos los recuerdos que contiene, Ed. Aquí la tienes. Toda nuestra historia. Toda la historia de por qué rompimos.c(Descripción del editor). 7aLiteratura norteamericana2embne 72embneaNovelas juveniles 72embneaNovelas de amor1 aKalman, Mairaeil.1 aNieto Sánchez, Montserratetr.